| 000 | 00490nam a2200181Ia 4500 | ||
|---|---|---|---|
| 008 | 131103s9999 xx 000 0 und d | ||
| 040 | _aLoreto College | ||
| 041 | _aEnglish | ||
| 082 |
_a160/SOL _bLCLIB |
||
| 100 | _aSola, M. | ||
| 245 | 2 |
_aA Compendium of the science of logic _cM. Sola |
|
| 250 | _arev. & enl. ed. | ||
| 260 |
_aLondon _bMacmillan _c1934 |
||
| 300 |
_axiii,386p _c 18cm |
||
| 504 | _aIncludes bibliographical references and index | ||
| 650 | _aLogic | ||
| 942 | _cBK | ||
| 999 |
_c19571 _d70050 |
||